[Event "TUR-chT Clubs"]
[Site "Konya"]
[Date "2019.07.18"]
[Round "4.14"]
[White "Gokcay, Mehmet"]
[Black "Gok, Emre"]
[Result "0-1"]
[WhiteElo "1269"]
[BlackElo "1825"]
[PlyCount "98"]
[EventDate "2019.07.16"]
[EventType "team-swiss"]
[EventRounds "9"]
[EventCountry "TUR"]
[SourceTitle "CBM 191 Extra"]
[Source "ChessBase"]
[SourceDate "2019.09.30"]
[SourceVersion "1"]
[SourceVersionDate "2019.09.30"]
[SourceQuality "1"]
[WhiteTeam "Mersin Zeka"]
[BlackTeam "Akcakoca Esentepe Okulu"]
[WhiteTeamCountry "TUR"]
[BlackTeamCountry "TUR"]

1. d4 c5 2. c3 e6 3. Bf4 Nf6 4. e3 b6 5. Nf3 Bb7 6. Bd3 Be7 7. h3 d6 8. Nbd2 Nbd7 9. 0-0 0-0 10. Re1 Qc7 11. Bh2 e5 12. dxe5 Nxe5 13. Nxe5 dxe5 14. e4 Rad8 15. Bc2 Ba6 16. Qc1 Nh5 17. Nf3 f6 18. Nh4 g6 19. Qh6 Bd6 20. Re3 Qg7 21. Qxg7+ Nxg7 22. Ree1 g5 23. Nf3 Be7 24. Rad1 Ne6 25. g3 Rxd1 26. Rxd1 Rd8 27. Rxd8+ Nxd8 28. h4 h6 29. Ne1 Bd6 30. Bd3 c4 31. Bc2 Ne6 32. Nf3 Nc5 33. Ne1 g4 34. Kg2 Bb7 35. b3 Nxe4 36. Bxe4 Bxe4+ 37. Kf1 Bb1 38. bxc4 Bxa2 39. c5 Bc4+ 40. Kg2 Bxc5 41. Nc2 a5 42. f3 Bd5 43. c4 gxf3+ 44. Kf1 Bxc4+ 45. Ke1 f2+ 46. Kd2 f1Q 47. Kc3 Bd4+ 48. Kd2 Bb2 49. Ne3 Qe2# 0-1

[Event "TUR-chT Clubs"]
[Site "Konya"]
[Date "2019.07.16"]
[Round "1.28"]
[White "Ilcin, Muhammed Yusuf"]
[Black "Gokcay, Mehmet"]
[Result "0-1"]
[WhiteElo "1056"]
[BlackElo "1269"]
[PlyCount "72"]
[EventDate "2019.07.16"]
[EventType "team-swiss"]
[EventRounds "9"]
[EventCountry "TUR"]
[SourceTitle "CBM 191 Extra"]
[Source "ChessBase"]
[SourceDate "2019.09.30"]
[SourceVersion "1"]
[SourceVersionDate "2019.09.30"]
[SourceQuality "1"]
[WhiteTeam "Siirt Genclik"]
[BlackTeam "Mersin Zeka"]
[WhiteTeamCountry "TUR"]
[BlackTeamCountry "TUR"]

1. e4 c6 2. d4 d5 3. exd5 cxd5 4. Nc3 Nf6 5. Nf3 Bg4 6. Be2 e6 7. 0-0 Bd6 8. h3 Bh5 9. Ne5 Bxe2 10. Qxe2 0-0 11. Bg5 a6 12. Qf3 Be7 13. Qg3 Nh5 14. Qg4 Bxg5 15. Qxh5 Nc6 16. Nxc6 bxc6 17. f4 Bf6 18. Ne2 Qb6 19. c3 Qxb2 20. a4 Qb7 21. f5 Qe7 22. fxe6 fxe6 23. Qg4 Rab8 24. Qg3 Rb2 25. Qd3 Qc7 26. Qxa6 Qd7 27. Qd3 Qe7 28. c4 Qd6 29. c5 Qe7 30. Rab1 Rxb1 31. Rxb1 Bh4 32. Rf1 e5 33. g3 Bg5 34. Rxf8+ Qxf8 35. dxe5 Qxc5+ 36. Qd4 Be3+ 0-1